| 000 | 01085cab a2200229 4500 | ||
|---|---|---|---|
| 001 | X129065 | ||
| 008 | 050315n2005 000 0 eng u | ||
| 035 | _a(Sirsi) u129065 | ||
| 100 | _aDraper, D. | ||
| 245 | _aDon your fireman's outfit | ||
| 260 | _c2005 | ||
| 490 |
_aEstates Gazette _v(0508) 26 February 2005, 188(1) |
||
| 520 | _aConsiders the forthcoming Regulatory Reform (Fire Safety) Order which will move responsibility for fire prevention from fire authorities to employers, owners and occupiers. The Order will reinforce risk assessment principles introduced by the Fire Precautions (Workplace) Regulations 1997 and amended 1999. Concludes that these responsible persons will need to ensure they revise their knowledge of fire safety law or else become liable for prosecution. | ||
| 590 | _aABS | ||
| 650 | _aRISK ASSESSMENT | ||
| 650 | _aFIRE RISK ASSESSMENT | ||
| 650 | _aFIRE PREVENTION | ||
| 650 | _aREGULATORY REFORM (FIRE SAFETY) ORDER 2005 | ||
| 650 | _aFIRE PRECAUTIONS (WORKPLACE) REGULATIONS 1997 | ||
| 690 |
_aHealth and safety _96244 |
||
| 942 | _n0 | ||
| 999 |
_c74924 _d74924 |
||